Từ điển cơ điện nông nghiệp Anh - Việt = English - Vietnamese mechanico-electrical agricultural engineering

Uloženo v:
Podrobná bibliografie
Médium: Kniha
Jazyk:Undetermined
Vydáno: Hà Nội KHKT 1977
Témata:
Tagy: Přidat tag
Žádné tagy, Buďte první, kdo otaguje tento záznam!
Thư viện lưu trữ: Trung tâm Học liệu Trường Đại học Cần Thơ
LEADER 00522nam a2200157Ia 4500
001 CTU_12373
008 210402s9999 xx 000 0 und d
082 |a 631.37103 
082 |b T550 
245 0 |a Từ điển cơ điện nông nghiệp Anh - Việt 
245 0 |b = English - Vietnamese mechanico-electrical agricultural engineering 
260 |a Hà Nội 
260 |b KHKT 
260 |c 1977 
650 |a agricultural machinery - dictionaries 
980 |a Trung tâm Học liệu Trường Đại học Cần Thơ